Champions du monde Moto GP - Mort Subite - Statistiques

Statistiques générales
  • Ce quiz a été pris 1 661 fois
    776 depuis la dernière actualisation
  • Le résultat moyen est 7 sur 30
Answers on the Grid
Answers color-coded by a green-red scale on the quiz's grid according to % correct below.
Valentino Rossi
Casey Stoner
Alex Marquez
Nicky Hayden
Umberto Masetti
Mike Hawthorn
Alex Crivillé
Toprak Razgatlioglu
Dani Pedrosa
Marc Marquez
Emilio Alzamora
Pedro Acosta
Francesco Bagnaia
Johann Zarco
Fabio Quartararo
Andrea Dovisiozo
Kenny Roberts Jr
Sebastian Vettel
John Surtees
Hans Spaan
Libero Liberati
Geoff Duke
David Alonso
Mick Doohan
Kevin Schwantz
Alvaro Bautista
Mike Hailwood
Giacomo Agostini
Franco Morbidelli
Wayne Gardner
Patrick Pons
Enea Bastianini
Jonathan Rea
Eddie Lawson
Joan Mir
Ben Spies
Barry Sheene
Jorge Martin
Max Biaggi
Alex Barros
Leslie Graham
Phil Read
Gary Hocking
Freddie Spencer
Franco Uncini
Jorge Lorenzo
Kenny Roberts
Marco Lucchinelli
 
Statistiques - réponses
Réponse % Correct
Fabio Quartararo
62%
Marc Marquez
61%
Valentino Rossi
58%
Francesco Bagnaia
52%
Jorge Martin
50%
Jorge Lorenzo
49%
Joan Mir
48%
Giacomo Agostini
39%
Casey Stoner
37%
Mick Doohan
35%
Nicky Hayden
29%
Kenny Roberts Jr
24%
Kenny Roberts
22%
Kevin Schwantz
19%
Freddie Spencer
16%
Wayne Gardner
16%
Alex Crivillé
13%
Barry Sheene
13%
Eddie Lawson
13%
John Surtees
12%
Marco Lucchinelli
9%
Geoff Duke
8%
Mike Hailwood
8%
Franco Uncini
7%
Leslie Graham
7%
Patrick Pons
6%
Phil Read
6%
Libero Liberati
5%
Umberto Masetti
5%
Gary Hocking
3%
Aucun quiz correspondant
Distribution des résultats
% des personnes avec chaque résultat
Percentile par nombre de réponses
Votre historique - résultats
Vous n’avez pas pris ce quiz depuis la dernière actualisation